[Event "XXI Festival Conca della Presolana A"]
[Site "Bratto - Castione della Presolana ITA"]
[Date "2001.08.25"]
[Round "4"]
[White "Cavatorta, Fosco"]
[Black "Paoli, Enrico"]
[Result "1-0"]
[WhiteElo "2025"]
[BlackElo "2021"]
[PlyCount "65"]
[EventDate "2001.08.22"]

1.e4 e5 2.Nf3 Nf6 3.d3 Nc6 4.g3 d6 5.Bg2 g6 6.Bg5 Bg7 7.Nc3 Be6 8.Qe2 h6 
9.Bd2 g5 10.h3 Qd7 11.Be3 O-O-O 12.d4 exd4 13.Nxd4 Nxd4 14.Bxd4 c5 15.Be3 
Ne8 16.Qd2 Nc7 17.h4 gxh4 18.Rxh4 h5 19.O-O-O Bf6 20.Bg5 Qe7 21.Bxf6 Qxf6 
22.Rdh1 Qe5 23.Bf3 Qd4 24.Rxh5 Rhe8 25.Qxd4 cxd4 26.Ne2 Bxa2 27.b3 Re5 28.
Nxd4 Ne6 29.Nxe6 fxe6 30.Kb2 Rf8 31.Rh8 Rxh8 32.Rxh8+ Kd7 33.Rh5 1-0

[Event "XXI Festival Conca della Presolana A"]
[Site "Bratto - Castione della Presolana ITA"]
[Date "2001.08.25"]
[Round "4"]
[White "Cebalo, Miso"]
[Black "Zichichi, Alvise"]
[Result "1-0"]
[WhiteElo "2476"]
[BlackElo "2293"]
[PlyCount "49"]
[EventDate "2001.08.22"]

1.d4 d5 2.c4 c6 3.Nf3 Nf6 4.Nc3 a6 5.a4 g6 6.Bf4 Bg7 7.e3 O-O 8.Be2 dxc4 
9.Bxc4 Nbd7 10.O-O Nb6 11.Bb3 Nbd5 12.Be5 Ng4 13.Bxg7 Kxg7 14.e4 Nf4 15.
Qd2 Qc7 16.e5 Ne6 17.h3 Nh6 18.d5 Nc5 19.Ba2 Qa5 20.Rfd1 Qb4 21.Nd4 Bd7 
22.Nc2 Qh4 23.b4 Bxh3 24.gxh3 Qxh3 25.Qe3 1-0

[Event "XXI Festival Conca della Presolana A"]
[Site "Bratto - Castione della Presolana ITA"]
[Date "2001.08.25"]
[Round "4"]
[White "Dittmar, Peter"]
[Black "Guido, Flavio"]
[Result "1/2-1/2"]
[WhiteElo "2348"]
[BlackElo "2379"]
[PlyCount "42"]
[EventDate "2001.08.22"]

1.e4 c5 2.Nf3 e6 3.c3 Nf6 4.e5 Nd5 5.d4 cxd4 6.cxd4 d6 7.Bc4 Nb6 8.Bd3 Nc6
9.Nc3 dxe5 10.dxe5 Nb4 11.Bb5+ Bd7 12.Bxd7+ Qxd7 13.Qxd7+ Nxd7 14.Ke2 Be7 
15.Rd1 a6 16.Bf4 Nb6 17.a3 N4d5 18.Nxd5 Nxd5 19.Bg5 h6 20.Bxe7 Kxe7 21.g3 
Rac8 1/2-1/2

[Event "XXI Festival Conca della Presolana A"]
[Site "Bratto - Castione della Presolana ITA"]
[Date "2001.08.25"]
[Round "4"]
[White "Everet, Alexandro"]
[Black "Osuna Munoz, Xavier"]
[Result "0-1"]
[WhiteElo "2308"]
[BlackElo "2109"]
[PlyCount "64"]
[EventDate "2001.08.22"]

1.e3 d6 2.g3 e5 3.Bg2 Nf6 4.Ne2 Be7 5.f3 O-O 6.O-O c6 7.b3 Be6 8.d3 Qd7 9.
Bb2 Bh3 10.Nd2 Bxg2 11.Kxg2 Nd5 12.Kf2 Qh3 13.Rh1 Qh6 14.Nf1 f5 15.c4 Nf6 
16.d4 Nbd7 17.c5 Rad8 18.dxe5 dxe5 19.Qc2 Nd5 20.Ba3 f4 21.e4 fxg3+ 22.
Nexg3 Nf4 23.Nf5 Rxf5 24.exf5 Nxc5 25.Ng3 Ncd3+ 26.Kg1 Bxa3 27.h4 Bc5+ 28.
Kf1 Bf2 29.Ne4 Bb6 30.Qc4+ Nd5 31.Ng5 Qf6 32.Rd1 Nb2 0-1

[Event "XXI Festival Conca della Presolana A"]
[Site "Bratto - Castione della Presolana ITA"]
[Date "2001.08.25"]
[Round "4"]
[White "Farina, Saverio"]
[Black "Valori, Vincenzo"]
[Result "1/2-1/2"]
[WhiteElo "2126"]
[BlackElo "2056"]
[PlyCount "58"]
[EventDate "2001.08.22"]

1.c4 e5 2.e3 Nc6 3.d4 Bb4+ 4.Nc3 Nf6 5.Nf3 d6 6.Bd2 O-O 7.Be2 Bxc3 8.Bxc3 
Ne4 9.Qc2 Nxc3 10.Qxc3 exd4 11.Nxd4 Ne5 12.Nf3 Qf6 13.Nxe5 Qxe5 14.Qxe5 
dxe5 15.O-O-O Be6 16.Rd2 Rfd8 17.Rhd1 Rxd2 18.Rxd2 Kf8 19.Kc2 Ke7 20.Kc3 
Rd8 21.Rxd8 Kxd8 22.b4 c6 23.a4 b6 24.c5 bxc5 25.bxc5 a5 26.f4 f6 27.fxe5 
fxe5 28.h4 h6 29.g3 g5 1/2-1/2

[Event "XXI Festival Conca della Presolana A"]
[Site "Bratto - Castione della Presolana ITA"]
[Date "2001.08.25"]
[Round "4"]
[White "Foisor, Ovidiu-Doru"]
[Black "Preiss, Martin"]
[Result "1/2-1/2"]
[WhiteElo "2400"]
[BlackElo "2262"]
[PlyCount "54"]
[EventDate "2001.08.22"]

1.Nf3 f5 2.g3 Nf6 3.Bg2 g6 4.b3 Bg7 5.Bb2 O-O 6.d4 d6 7.O-O Qe8 8.Nbd2 Nc6
9.Nc4 h6 10.d5 Nb4 11.Ne3 c6 12.dxc6 bxc6 13.a3 Na6 14.b4 Nc7 15.c4 Bd7 
16.c5 Ne4 17.Bxg7 Kxg7 18.cxd6 exd6 19.Rc1 Qe7 20.Nd2 d5 21.Nxe4 fxe4 22.
Nc2 Nb5 23.Nd4 Nxd4 24.Qxd4+ Qf6 25.Rfd1 Rf7 26.b5 Rc8 27.bxc6 Rxc6 
1/2-1/2

[Event "XXI Festival Conca della Presolana A"]
[Site "Bratto - Castione della Presolana ITA"]
[Date "2001.08.25"]
[Round "4"]
[White "Giretti Kanev, Jasen"]
[Black "Ricci, Alfredo"]
[Result "1-0"]
[WhiteElo "2178"]
[BlackElo "2088"]
[PlyCount "97"]
[EventDate "2001.08.22"]

1.Nf3 Nf6 2.d4 g6 3.g3 b6 4.d5 Bg7 5.Bg2 d6 6.Nc3 Bb7 7.O-O c5 8.a4 O-O 9.
Bf4 h6 10.h4 Nbd7 11.Qd2 Kh7 12.e4 Ne5 13.Nxe5 dxe5 14.Bxe5 Nxe4 15.Qf4 
Nxc3 16.Bxc3 Bxc3 17.bxc3 Qd6 18.Qe3 Rfe8 19.h5 Rad8 20.hxg6+ fxg6 21.a5 
Bxd5 22.Rad1 Qc6 23.Rxd5 Rxd5 24.c4 e6 25.cxd5 exd5 26.Bxd5 Qc8 27.Qf3 Re7
28.Qf6 Qd8 29.Bf7 Qf8 30.Qxg6+ Kh8 31.Qf6+ Kh7 32.Bg6+ Kg8 33.Qxf8+ Kxf8 
34.axb6 axb6 35.Rb1 Re6 36.Bd3 Ke7 37.Kg2 Kd8 38.f4 Kc7 39.Kf3 Rd6 40.Ke4 
Rc6 41.Bc4 Rg6 42.f5 Rg4+ 43.Kd3 Rxg3+ 44.Ke2 Rg2+ 45.Ke3 Rxc2 46.Bd5 Kd8 
47.Rxb6 Ke7 48.f6+ Kf8 49.Rb8# 1-0

[Event "XXI Festival Conca della Presolana A"]
[Site "Bratto - Castione della Presolana ITA"]
[Date "2001.08.25"]
[Round "4"]
[White "Godena, Michele"]
[Black "Ausmins, Elmar"]
[Result "0-1"]
[WhiteElo "2491"]
[BlackElo "2345"]
[PlyCount "74"]
[EventDate "2001.08.22"]

1.e4 e5 2.Nf3 Nc6 3.Bb5 a6 4.Ba4 Nf6 5.O-O Be7 6.Bxc6 dxc6 7.d3 Bg4 8.h3 
Bh5 9.Be3 Bd6 10.Nbd2 h6 11.Qe1 c5 12.Nh2 g5 13.f3 Bg6 14.Qf2 Qe7 15.c3 
Nh5 16.Rfd1 Nf4 17.Nc4 f5 18.Nf1 O-O-O 19.Rd2 Qe6 20.b3 Be7 21.Rad1 b6 22.
Qe1 Bf6 23.Bf2 Rd7 24.Nfe3 Rhd8 25.Qf1 Kb7 26.exf5 Bxf5 27.Nxf5 Qxf5 28.
Nb2 h5 29.Be3 Nd5 30.Re1 Nxc3 31.a4 Nd5 32.Bf2 Nf4 33.Re4 g4 34.hxg4 hxg4 
35.Bg3 Nh5 36.Rxg4 Nxg3 37.Rxg3 Qf4 0-1

[Event "XXI Festival Conca della Presolana A"]
[Site "Bratto - Castione della Presolana ITA"]
[Date "2001.08.25"]
[Round "4"]
[White "Griffa, Roberto"]
[Black "Cugini, Verter"]
[Result "0-1"]
[WhiteElo "2082"]
[BlackElo "2207"]
[PlyCount "100"]
[EventDate "2001.08.22"]

1.c4 e5 2.g3 c5 3.Nc3 g6 4.Bg2 Bg7 5.a3 Nc6 6.Rb1 Nge7 7.b4 d6 8.e3 O-O 9.
Nge2 Bf5 10.d3 Qd7 11.h3 Rab8 12.b5 Nd8 13.e4 Be6 14.Nd5 Bxd5 15.exd5 f5 
16.O-O Nf7 17.f4 h5 18.h4 Kh7 19.Be3 Ng8 20.Qd2 b6 21.a4 Nf6 22.Qc2 Rbe8 
23.Nc3 Ng4 24.Bd2 exf4 25.Bxf4 Bd4+ 26.Kh1 Be3 27.Bh3 Bxf4 28.Rxf4 Re3 29.
Bxg4 hxg4 30.Kg2 Rfe8 31.Qd2 R3e7 32.Rf2 Ne5 33.Rbf1 Nf3 34.Rxf3 gxf3+ 35.
Rxf3 Re5 36.Rf2 Qe7 37.Kf1 Re1+ 38.Kg2 Qe3 39.Qxe3 R8xe3 40.Rd2 Ra1 41.Kf2
Re8 42.Re2 Rxe2+ 43.Kxe2 Kg7 44.Ke3 Kf6 45.d4 Rg1 46.Ne2 cxd4+ 47.Kxd4 
Rd1+ 48.Ke3 Ra1 49.Nc3 Ke5 50.Kd3 Ra3 0-1

[Event "XXI Festival Conca della Presolana A"]
[Site "Bratto - Castione della Presolana ITA"]
[Date "2001.08.25"]
[Round "4"]
[White "Jablon, Stephen"]
[Black "Eskola, Risto"]
[Result "0-1"]
[WhiteElo "1844"]
[BlackElo "2148"]
[PlyCount "90"]
[EventDate "2001.08.22"]

1.d4 d6 2.e4 Nd7 3.Nc3 e5 4.dxe5 dxe5 5.Bc4 Ngf6 6.f4 Bb4 7.Qe2 O-O 8.Bd2 
c6 9.Nf3 exf4 10.O-O-O b5 11.e5 bxc4 12.exf6 Qxf6 13.Qxc4 a5 14.Ne4 Qe6 
15.Qxe6 fxe6 16.Nd4 Ne5 17.c3 Be7 18.Rhf1 Ba6 19.Nxe6 Bxf1 20.Rxf1 Rf7 21.
N6g5 Rf5 22.Ne6 f3 23.Be3 Ng4 24.Bf4 g5 25.gxf3 gxf4 26.Rg1 Kf7 27.Nd4 Ne3
28.Nxf5 Nxf5 29.Rg4 h5 30.Rxf4 Ke6 31.Ng3 Bg5 32.Nxh5 Rh8 33.Kc2 Bxf4 34.
Nxf4+ Kd6 35.h3 Rh4 36.Nd3 Rxh3 37.Ne1 a4 38.b3 Rh2+ 39.Kd3 Rxa2 40.bxa4 
Rxa4 41.Nc2 Rf4 42.Ke2 c5 43.Ne1 Kd5 44.Nd3 Rh4 45.f4 Kc4 0-1

[Event "XXI Festival Conca della Presolana A"]
[Site "Bratto - Castione della Presolana ITA"]
[Date "2001.08.25"]
[Round "4"]
[White "Koskinen, Henri"]
[Black "Arlandi, Ennio"]
[Result "1/2-1/2"]
[WhiteElo "2321"]
[BlackElo "2449"]
[PlyCount "53"]
[EventDate "2001.08.22"]

1.d4 Nf6 2.Nf3 e6 3.g3 d5 4.Bg2 Be7 5.O-O O-O 6.c4 dxc4 7.Qc2 a6 8.a4 Bd7 
9.Qxc4 Bc6 10.Bg5 Bd5 11.Qc2 Be4 12.Qc1 h6 13.Bxf6 Bxf6 14.Nc3 Bxf3 15.
Bxf3 c6 16.e3 a5 17.Ne4 Na6 18.Nc5 Nxc5 19.Qxc5 Be7 20.Qc2 Qb6 21.Rfd1 
Rfd8 22.Rd3 Rd7 23.Rad1 Rad8 24.b3 g6 25.Bg2 Bf6 26.Qc4 Kg7 27.Be4 1/2-1/2

[Event "XXI Festival Conca della Presolana A"]
[Site "Bratto - Castione della Presolana ITA"]
[Date "2001.08.25"]
[Round "4"]
[White "Lalic, Bogdan"]
[Black "Drazic, Sinisa"]
[Result "1/2-1/2"]
[WhiteElo "2528"]
[BlackElo "2480"]
[PlyCount "30"]
[EventDate "2001.08.22"]

1.e4 e5 2.Nf3 Nc6 3.Bb5 a6 4.Bxc6 dxc6 5.O-O Bd6 6.d4 exd4 7.Qxd4 f6 8.b3 
Qe7 9.Nbd2 Nh6 10.Nc4 Bc5 11.Qd3 Nf7 12.Be3 Be6 13.Bxc5 Qxc5 14.Qe3 Qxe3 
15.Nxe3 O-O-O 1/2-1/2

[Event "XXI Festival Conca della Presolana A"]
[Site "Bratto - Castione della Presolana ITA"]
[Date "2001.08.25"]
[Round "4"]
[White "Lanzani, Mario"]
[Black "Digiugno, Franco"]
[Result "1-0"]
[WhiteElo "2380"]
[BlackElo "2145"]
[PlyCount "43"]
[EventDate "2001.08.22"]

1.e4 d5 2.exd5 Nf6 3.Bb5+ Bd7 4.Be2 c6 5.dxc6 Nxc6 6.d4 e5 7.dxe5 Qa5+ 8.
Bd2 Qxe5 9.Nc3 Bc5 10.Nf3 Qc7 11.O-O O-O-O 12.Qc1 Rde8 13.Bf4 Qa5 14.a3 
Bd4 15.b4 Qb6 16.Nxd4 Nxd4 17.Bd3 Qc6 18.Qd2 g5 19.Bg3 h5 20.b5 Qf3 21.
Qxg5 b6 22.Qh4 1-0

[Event "XXI Festival Conca della Presolana A"]
[Site "Bratto - Castione della Presolana ITA"]
[Date "2001.08.25"]
[Round "4"]
[White "Lapiccirella, Daniele"]
[Black "Temi, Walter"]
[Result "1/2-1/2"]
[WhiteElo "2098"]
[BlackElo "2067"]
[PlyCount "70"]
[EventDate "2001.08.22"]

1.d4 Nf6 2.c4 g6 3.Nf3 Bg7 4.e3 O-O 5.Nbd2 c5 6.Be2 cxd4 7.exd4 d5 8.O-O 
Nc6 9.Nb3 dxc4 10.Bxc4 b6 11.d5 Nb4 12.Qe2 Nbxd5 13.Rd1 e6 14.Bg5 Bb7 15.
Rac1 h6 16.Bh4 g5 17.Bg3 Nh5 18.Bxd5 Nxg3 19.hxg3 Bxd5 20.Ne5 Rc8 21.Nc6 
Qd7 22.Nb4 Rxc1 23.Nxc1 Qc8 24.Nxd5 exd5 25.Nb3 Re8 26.Qd2 Qc4 27.Qxd5 
Qxd5 28.Rxd5 Bxb2 29.Rd7 a5 30.Rd6 Re1+ 31.Kh2 Re6 32.Rd8+ Kg7 33.Rb8 Rd6 
34.Nxa5 bxa5 35.Rxb2 Rd5 1/2-1/2

[Event "XXI Festival Conca della Presolana A"]
[Site "Bratto - Castione della Presolana ITA"]
[Date "2001.08.25"]
[Round "4"]
[White "Maksimovic, Suzana"]
[Black "Pantaleoni, Claudio"]
[Result "1-0"]
[WhiteElo "2294"]
[BlackElo "2205"]
[PlyCount "91"]
[EventDate "2001.08.22"]

1.d4 e6 2.Nf3 c5 3.e3 Nf6 4.c4 b6 5.Nc3 Bb7 6.d5 g6 7.e4 exd5 8.cxd5 d6 9.
Be2 Bg7 10.O-O O-O 11.Bf4 Na6 12.Nd2 Nc7 13.Nc4 Nfe8 14.a4 Ba6 15.Re1 Bxc4
16.Bxc4 a6 17.Qe2 Be5 18.Bg3 Qf6 19.Ra3 Ng7 20.Nd1 Nh5 21.Ne3 Nxg3 22.hxg3
Bxb2 23.Rb3 Bc3 24.Ng4 Qg7 25.Rc1 Bb4 26.e5 dxe5 27.d6 Ne8 28.Rd1 e4 29.
Qxe4 Nxd6 30.Rxd6 Rae8 31.Qf4 Re1+ 32.Kh2 Qa1 33.Bxf7+ Kh8 34.Qf6+ Qxf6 
35.Rxf6 h5 36.Bc4 Rb8 37.Ne3 b5 38.axb5 axb5 39.Bd5 Bd2 40.Rxg6 Bxe3 41.
fxe3 Rd8 42.e4 b4 43.Rf3 c4 44.Rf7 b3 45.Rh6+ Kg8 46.Rd7+ 1-0

[Event "XXI Festival Conca della Presolana A"]
[Site "Bratto - Castione della Presolana ITA"]
[Date "2001.08.25"]
[Round "4"]
[White "Mantovani, Renzo"]
[Black "Rossi, Giampiero"]
[Result "1-0"]
[WhiteElo "2372"]
[BlackElo "2119"]
[PlyCount "79"]
[EventDate "2001.08.22"]

1.e4 c5 2.Nf3 e6 3.Nc3 a6 4.g3 Nc6 5.Bg2 d6 6.O-O Nf6 7.d4 cxd4 8.Nxd4 Bd7
9.Re1 Be7 10.a4 O-O 11.Nxc6 Bxc6 12.a5 Qc7 13.Be3 Rfe8 14.Bb6 Qb8 15.Bd4 
Nd7 16.Na4 Qc7 17.Nb6 Rab8 18.c4 Bf8 19.b3 Nxb6 20.Bxb6 Qe7 21.Ra2 Rbc8 
22.Rd2 g6 23.h4 e5 24.Bh3 Ra8 25.Rd3 f6 26.Qe2 Qf7 27.Red1 f5 28.exf5 gxf5
29.Bg2 Bxg2 30.Kxg2 Re6 31.c5 dxc5 32.Rd7 Re7 33.Rxe7 Qxe7 34.Qc4+ Kh8 35.
Rd5 Rc8 36.b4 Qe6 37.bxc5 Re8 38.Qd3 e4 39.Qd1 e3 40.fxe3 1-0

[Event "XXI Festival Conca della Presolana A"]
[Site "Bratto - Castione della Presolana ITA"]
[Date "2001.08.25"]
[Round "4"]
[White "Mascheroni, Maurizio"]
[Black "Salami, Marco"]
[Result "0-1"]
[WhiteElo "2054"]
[BlackElo "2199"]
[PlyCount "78"]
[EventDate "2001.08.22"]

1.e4 e6 2.d4 d5 3.Nd2 Nf6 4.e5 Nfd7 5.c3 c5 6.Bd3 Nc6 7.Ne2 cxd4 8.cxd4 f6
9.exf6 Nxf6 10.O-O Bd6 11.Nf3 Qc7 12.Bd2 O-O 13.Rc1 Ng4 14.Ng3 g6 15.Nh4 
e5 16.Bxg6 hxg6 17.Nxg6 Qh7 18.h3 Qxg6 19.hxg4 Nxd4 20.Be3 Bxg4 21.Qd2 Be6
22.Bxd4 exd4 23.Qxd4 Rf7 24.Rc3 Qh6 25.Re3 b6 26.b4 Rf4 27.Qd3 Rxb4 28.
Rfe1 Bf7 29.Rf3 Rf4 30.Nf5 Qh2+ 31.Kf1 Qh1+ 32.Ke2 Re8+ 33.Re3 Qh5+ 34.Kf1
Rxe3 35.Nxe3 Rh4 36.f3 Rh1+ 37.Ke2 Rxe1+ 38.Kxe1 Bb4+ 39.Ke2 Qh1 0-1

[Event "XXI Festival Conca della Presolana A"]
[Site "Bratto - Castione della Presolana ITA"]
[Date "2001.08.25"]
[Round "4"]
[White "Menoni, Vincenzo"]
[Black "Pegoraro, Nicola"]
[Result "1-0"]
[WhiteElo "2252"]
[BlackElo "2099"]
[PlyCount "41"]
[EventDate "2001.08.22"]

1.e4 c5 2.Nc3 d6 3.Nge2 e6 4.g3 Nf6 5.Bg2 Be7 6.O-O O-O 7.d3 Nc6 8.f4 a6 
9.h3 Qc7 10.g4 b5 11.Ng3 b4 12.Nce2 a5 13.g5 Ne8 14.f5 f6 15.g6 e5 16.Kh1 
Bd8 17.Ng1 h6 18.Nf3 Ba6 19.b3 Nd4 20.Nh2 Qd7 21.Ng4 1-0

[Event "XXI Festival Conca della Presolana A"]
[Site "Bratto - Castione della Presolana ITA"]
[Date "2001.08.25"]
[Round "4"]
[White "Mieli, Marcello"]
[Black "Bertazzo, Giorgio"]
[Result "1/2-1/2"]
[WhiteElo "2058"]
[BlackElo "2150"]
[PlyCount "42"]
[EventDate "2001.08.22"]

1.Nf3 Nf6 2.g3 b5 3.Bg2 Bb7 4.b3 g6 5.Bb2 Bg7 6.O-O O-O 7.d3 d6 8.c4 b4 9.
Nbd2 Nbd7 10.a3 a5 11.Qc2 c5 12.Ra2 Qc7 13.Rfa1 Rfb8 14.Ng5 Bxg2 15.Kxg2 
Qb7+ 16.Kg1 h6 17.Ngf3 Ng4 18.Bxg7 Kxg7 19.d4 Ngf6 20.axb4 axb4 21.d5 Kg8 
1/2-1/2

[Event "XXI Festival Conca della Presolana A"]
[Site "Bratto - Castione della Presolana ITA"]
[Date "2001.08.25"]
[Round "4"]
[White "Nieus, Thierry"]
[Black "Di Fonzo, Valerio"]
[Result "0-1"]
[WhiteElo "1914"]
[BlackElo "2223"]
[PlyCount "62"]
[EventDate "2001.08.22"]

1.e4 e5 2.f4 exf4 3.Nf3 d6 4.d4 g5 5.h4 g4 6.Ng1 Bh6 7.Nc3 c6 8.Qd3 Qf6 9.
Bd2 Ne7 10.e5 dxe5 11.Ne4 Qg6 12.h5 Qe6 13.dxe5 Nd7 14.Nd6+ Kf8 15.Qa3 
Qxe5+ 16.Be2 c5 17.Nxc8 Rxc8 18.O-O-O Rg8 19.Bb5 Nf6 20.Qxa7 Ne4 21.Nf3 
gxf3 22.gxf3 Nxd2 23.Rhe1 Qb8 24.Qb6 Bg7 25.Rxd2 Bd4 26.Qh6+ Rg7 27.Rxd4 
Nf5 28.Qf6 Nxd4 29.h6 Rg6 30.Qe7+ Kg8 31.Be8 Kh8 0-1

[Event "XXI Festival Conca della Presolana A"]
[Site "Bratto - Castione della Presolana ITA"]
[Date "2001.08.25"]
[Round "4"]
[White "Rigamonti, Stefano"]
[Black "De Barberis, Massimo"]
[Result "1/2-1/2"]
[WhiteElo "1902"]
[BlackElo "2103"]
[PlyCount "32"]
[EventDate "2001.08.22"]

1.e4 c5 2.Nf3 d6 3.d4 cxd4 4.Nxd4 Nf6 5.Nc3 a6 6.Bg5 e6 7.f4 b5 8.Qf3 Bb7 
9.Bd3 Nbd7 10.O-O-O Qb6 11.Bxf6 Nxf6 12.Rhe1 O-O-O 13.Nb3 Be7 14.h3 b4 15.
Nb1 d5 16.e5 Nd7 1/2-1/2

[Event "XXI Festival Conca della Presolana A"]
[Site "Bratto - Castione della Presolana ITA"]
[Date "2001.08.25"]
[Round "4"]
[White "Schaefer, Michael"]
[Black "Bozzali, Ermanno"]
[Result "1-0"]
[WhiteElo "2240"]
[BlackElo "2099"]
[PlyCount "53"]
[EventDate "2001.08.22"]

1.d4 Nf6 2.c4 c5 3.d5 e6 4.Nc3 exd5 5.cxd5 d6 6.e4 g6 7.Bd3 Bg7 8.Nge2 O-O
9.O-O Na6 10.h3 Nc7 11.Ng3 a6 12.a4 b6 13.Bg5 h6 14.Be3 Nh7 15.f4 Qh4 16.
Qf3 Bd7 17.Bf2 Qd8 18.Rae1 Re8 19.Qd1 Qe7 20.e5 f5 21.e6 Bc8 22.h4 h5 23.
Bxf5 gxf5 24.Nxf5 Qf8 25.Qxh5 Nf6 26.Qg6 Bb7 27.e7 1-0

[Event "XXI Festival Conca della Presolana A"]
[Site "Bratto - Castione della Presolana ITA"]
[Date "2001.08.25"]
[Round "4"]
[White "Stefanelli, Luca"]
[Black "Contin, Daniel"]
[Result "0-1"]
[WhiteElo "2270"]
[BlackElo "2382"]
[PlyCount "128"]
[EventDate "2001.08.22"]

1.e4 e6 2.d4 d5 3.exd5 exd5 4.c4 Nf6 5.Nc3 Be7 6.Bd3 dxc4 7.Bxc4 O-O 8.
Nge2 Nbd7 9.O-O Nb6 10.Bb3 c6 11.h3 Nbd5 12.Nf4 Nxc3 13.bxc3 Bd6 14.Qf3 
Qa5 15.g4 Bxf4 16.Bxf4 Be6 17.Rfe1 Bd5 18.Bxd5 Qxd5 19.Qxd5 Nxd5 20.Bd2 
Rfe8 21.Rxe8+ Rxe8 22.Re1 Rxe1+ 23.Bxe1 f6 24.Bd2 Nb6 25.Kf1 Kf7 26.Ke2 
Ke6 27.Kd3 Kd5 28.Bf4 Nc4 29.Bc7 g6 30.Bd8 f5 31.gxf5 gxf5 32.f3 b5 33.Be7
a5 34.Bd8 Ke6 35.Bc7 a4 36.Bd8 Kd6 37.Bf6 a3 38.Bg7 Ke7 39.Bh6 Kf6 40.Bf4 
Ke6 41.Bg3 Kd5 42.Bf4 Nb2+ 43.Kd2 Na4 44.Kd3 Nb2+ 45.Kd2 b4 46.cxb4 Kxd4 
47.Kc2 Nd3 48.Bd6 Kc4 49.b5 cxb5 50.Bxa3 Ne1+ 51.Kd2 Nxf3+ 52.Ke3 Ng5 53.
h4 Ne6 54.Bb2 h5 55.Bf6 b4 56.Be7 Nc7 57.Bd6 Nd5+ 58.Kd2 Kd4 59.Ke2 Ke4 
60.Kf2 f4 61.Bf8 f3 62.Bd6 Nf4 63.Bc7 Nd3+ 64.Kf1 Nc1 0-1

[Event "XXI Festival Conca della Presolana A"]
[Site "Bratto - Castione della Presolana ITA"]
[Date "2001.08.25"]
[Round "4"]
[White "Valenti, Giuseppe"]
[Black "Sbarra, Marco"]
[Result "1/2-1/2"]
[WhiteElo "2201"]
[BlackElo "2305"]
[PlyCount "44"]
[EventDate "2001.08.22"]

1.e4 c5 2.Nf3 Nc6 3.d4 cxd4 4.Nxd4 e6 5.Nb5 d6 6.c4 Nf6 7.N1c3 a6 8.Na3 b6
9.Be2 Bb7 10.Nc2 Be7 11.Ne3 Rc8 12.O-O Nb8 13.f3 O-O 14.Kh1 Qc7 15.Bd2 
Nbd7 16.Rc1 Qb8 17.Be1 Bd8 18.Bf2 Bc7 19.Bg1 Rfe8 20.Qd2 Rcd8 21.Rcd1 h6 
22.Rfe1 Ne5 1/2-1/2

[Event "XXI Festival Conca della Presolana A"]
[Site "Bratto - Castione della Presolana ITA"]
[Date "2001.08.26"]
[Round "5"]
[White "Agnelli, Francesco"]
[Black "Menoni, Vincenzo"]
[Result "1-0"]
[WhiteElo "2132"]
[BlackElo "2252"]
[PlyCount "59"]
[EventDate "2001.08.22"]

1.e4 e6 2.d3 d5 3.Nd2 c5 4.g3 Bd6 5.Bg2 Ne7 6.Qe2 O-O 7.f4 Nbc6 8.Ngf3 f6 
9.O-O Bc7 10.Kh1 Bb6 11.Re1 a5 12.a4 Ra7 13.Qf2 Nb4 14.Nb1 Bd7 15.b3 Be8 
16.Bb2 Bf7 17.Na3 Ra8 18.Rad1 Nec6 19.Nb5 Na6 20.e5 f5 21.d4 cxd4 22.Nfxd4
Ne7 23.Ba3 Nc5 24.c4 Ne4 25.Qc2 Re8 26.cxd5 Nxd5 27.Bxe4 fxe4 28.Qxe4 Bh5 
29.Nxe6 Rxe6 30.Rxd5 1-0

[Event "XXI Festival Conca della Presolana A"]
[Site "Bratto - Castione della Presolana ITA"]
[Date "2001.08.26"]
[Round "5"]
[White "Arlandi, Ennio"]
[Black "Maksimovic, Suzana"]
[Result "1-0"]
[WhiteElo "2449"]
[BlackElo "2294"]
[PlyCount "115"]
[EventDate "2001.08.22"]

1.d4 Nf6 2.c4 e6 3.Nc3 Bb4 4.Qc2 d5 5.cxd5 Qxd5 6.e3 c5 7.Bd2 Bxc3 8.Bxc3 
cxd4 9.Bxd4 Nc6 10.Bc3 Bd7 11.Nf3 Rc8 12.a3 O-O 13.Rd1 Qc5 14.Bd3 Rfd8 15.
O-O Ne7 16.Qb3 Bc6 17.Ne5 Bd5 18.Qa4 Ng6 19.Bd4 Qc7 20.Bxg6 hxg6 21.Qxa7 
Nd7 22.Nxd7 Rxd7 23.Bc3 e5 24.Qa4 Bc6 25.Qg4 Rcd8 26.Rxd7 Rxd7 27.Qg5 f6 
28.Qxg6 Qd8 29.h4 Rd1 30.Rxd1 Qxd1+ 31.Kh2 Qe2 32.Kg3 Qf1 33.e4 Qe2 34.f3 
Qe3 35.Qf5 Kh8 36.Kh2 Qf2 37.Qh5+ Kg8 38.Qg4 Be8 39.Qe6+ Bf7 40.Qc8+ Kh7 
41.Qxb7 Qxh4+ 42.Kg1 Be6 43.Qb6 Bd7 44.Qa7 Be6 45.Qa6 Bd7 46.Qd3 Be6 47.a4
Qg5 48.Bd2 Qg6 49.b4 Qf7 50.Be3 Bc4 51.Qd6 Bb3 52.a5 Qc4 53.a6 Qe2 54.Bd2 
Bc4 55.a7 Bd3 56.a8=Q Qxd2 57.Qc8 Qe3+ 58.Kh1 1-0

[Event "XXI Festival Conca della Presolana A"]
[Site "Bratto - Castione della Presolana ITA"]
[Date "2001.08.26"]
[Round "5"]
[White "Ausmins, Elmar"]
[Black "Borgo, Giulio"]
[Result "0-1"]
[WhiteElo "2345"]
[BlackElo "2428"]
[PlyCount "60"]
[EventDate "2001.08.22"]

1.d4 d5 2.c4 e6 3.Nc3 Nf6 4.Nf3 c6 5.Bg5 Nbd7 6.e3 Qa5 7.Nd2 Bb4 8.Qc2 O-O
9.Bh4 e5 10.dxe5 Ne4 11.f4 Nxc3 12.bxc3 Bxc3 13.O-O-O Nc5 14.Nb1 Bb4 15.g4
b5 16.cxb5 cxb5 17.Rd4 Ne4 18.f5 Bxf5 19.gxf5 Rfc8 20.Bc4 Rxc4 21.Rxc4 
bxc4 22.Rg1 Rb8 23.Kd1 Bf8 24.Ke2 c3 25.Kf3 Rb2 26.Qd3 c2 27.Na3 Qd2 28.
Qf1 Qxh2 29.Qc1 Qxh4 30.Rg2 Qh3+ 0-1

[Event "XXI Festival Conca della Presolana A"]
[Site "Bratto - Castione della Presolana ITA"]
[Date "2001.08.26"]
[Round "5"]
[White "Bertazzo, Giorgio"]
[Black "Lapiccirella, Daniele"]
[Result "1-0"]
[WhiteElo "2150"]
[BlackElo "2098"]
[PlyCount "43"]
[EventDate "2001.08.22"]

1.e4 c5 2.Nf3 e6 3.c3 Nf6 4.e5 Nd5 5.d4 cxd4 6.cxd4 Nc6 7.Nc3 Nxc3 8.bxc3 
d6 9.exd6 Bxd6 10.Bd3 O-O 11.O-O b6 12.Qe2 Bb7 13.Qe4 g6 14.Ng5 Qf6 15.Qh4
Qg7 16.Ne4 Be7 17.Qh3 Rfd8 18.Bh6 Qh8 19.Bc4 Nxd4 20.cxd4 Bxe4 21.Qxe6 Qf6
22.Qxe4 1-0

[Event "XXI Festival Conca della Presolana A"]
[Site "Bratto - Castione della Presolana ITA"]
[Date "2001.08.26"]
[Round "5"]
[White "Bozzali, Ermanno"]
[Black "Rigamonti, Stefano"]
[Result "1/2-1/2"]
[WhiteElo "2099"]
[BlackElo "1902"]
[PlyCount "101"]
[EventDate "2001.08.22"]

1.e4 e5 2.Nf3 Nc6 3.Bb5 a6 4.Bxc6 dxc6 5.O-O f6 6.d4 Bg4 7.dxe5 Qxd1 8.
Rxd1 fxe5 9.Rd3 Bd6 10.Nbd2 Nf6 11.b3 O-O-O 12.Bb2 Rhe8 13.Rd1 b5 14.Kf1 
Bb4 15.h3 Bh5 16.g4 Nxg4 17.hxg4 Bxg4 18.Rc1 Rf8 19.Kg2 Rxd3 20.cxd3 Rd8 
21.Bc3 c5 22.Bxb4 cxb4 23.Nxe5 Be2 24.Ndf3 Bxd3 25.Nxd3 Rxd3 26.Rc6 Kb7 
27.Re6 Rd7 28.Kg3 a5 29.Kf4 a4 30.Ke5 Rf7 31.Nd4 Rxf2 32.Nxb5 Rxa2 33.bxa4
Rxa4 34.Re7 Ra5 35.Rxc7+ Kb6 36.Kd6 Rxb5 37.Rxg7 b3 38.Rg1 b2 39.Rb1 Ka5 
40.e5 Ka4 41.e6 Ka3 42.e7 Rb8 43.Re1 Re8 44.Kd7 Rb8 45.e8=Q Rxe8 46.Rxe8 
b1=Q 47.Ra8+ Kb2 48.Rb8+ Kc1 49.Rxb1+ Kxb1 50.Ke6 h5 51.Kf5 1/2-1/2

[Event "XXI Festival Conca della Presolana A"]
[Site "Bratto - Castione della Presolana ITA"]
[Date "2001.08.26"]
[Round "5"]
[White "Contin, Daniel"]
[Black "Lalic, Bogdan"]
[Result "1/2-1/2"]
[WhiteElo "2382"]
[BlackElo "2528"]
[PlyCount "30"]
[EventDate "2001.08.22"]

1.Nf3 d5 2.b3 c5 3.e3 a6 4.c4 e6 5.g3 Nc6 6.Bg2 d4 7.exd4 cxd4 8.O-O Nf6 
9.d3 Be7 10.Na3 O-O 11.Qe2 Nd7 12.Nc2 e5 13.Rb1 a5 14.a3 Re8 15.Nd2 Bf8 
1/2-1/2